Náhrady pri pracovných cestách do zahraničia

Zamestnancovi pri zahraničnej pracovnej cete patrí náhrada preukázaných výdavkov za poistenie nevyhnutných liečebných nákladov v zahraničí, náhrada preukázaných cestovných výdavkov, výdavkov za ubytovanie, náhrada preukázaných potrebných vedľajších výdavkov a vreckové.

Gespeichert in:
Bibliographische Detailangaben
1. Verfasser: Jaško, Jozef
Format: Buchkapitel
Sprache:Slowakisch
Schlagworte:
Tags: Tag hinzufügen
Keine Tags, Fügen Sie das erste Tag hinzu!

MARC

LEADER 00000naa a2200000 4500
001 0224797
005 20231120135932.5
041 0 |a slo 
044 |a SK 
245 1 0 |a Náhrady pri pracovných cestách do zahraničia  |c Jozef Jaško 
520 |a Zamestnancovi pri zahraničnej pracovnej cete patrí náhrada preukázaných výdavkov za poistenie nevyhnutných liečebných nákladov v zahraničí, náhrada preukázaných cestovných výdavkov, výdavkov za ubytovanie, náhrada preukázaných potrebných vedľajších výdavkov a vreckové. 
610 2 0 |a cesty pracovné 
610 2 0 |a náhrada cestovného 
610 2 0 |a náhrada poistná 
610 2 0 |a náhrada výdavkov 
100 1 |a Jaško, Jozef